Somatic lessons : narrating patienthood and illness in Indian medical literature /

Bibliographic Details
Main Author: Cerulli, Anthony Michael
Format: eBook
Language:English
Published: Albany : State University of New York Press, [2012]
Series:SUNY series in Hindu studies.
Subjects:
Online Access:Connect to the full text of this electronic book

MARC

Tag First Indicator Second Indicator Subfields
LEADER 00000cam a22000004i 4500
001 in00003402521
006 m d
007 cr |||||||nn|n
008 111118s2012 nyu o d eng d
005 20260608205916.7
010 |z  2011047448 
020 |a 9781438443881 
020 |z 9781438443874 (hardcover : alk. paper) 
035 |a (MdBmJHUP)muse9781438443881 
040 |a MdBmJHUP  |c MdBmJHUP  |d UtOrBLW 
043 |a a-ii--- 
050 0 0 |a R605  |b .C48 2012 
082 0 0 |a 615.5/38  |2 23 
100 1 |a Cerulli, Anthony Michael. 
245 1 0 |a Somatic lessons :  |b narrating patienthood and illness in Indian medical literature /  |c Anthony Cerulli. 
264 1 |a Albany :  |b State University of New York Press,  |c [2012] 
300 |a 1 online resource (pages cm.) 
336 |a text  |b txt  |2 rdacontent 
337 |a computer  |b c  |2 rdamedia 
338 |a online resource  |b cr  |2 rdacarrier 
490 1 |a SUNY series in Hindu studies 
500 |a Based on the author's thesis (Ph. D.), University of Chicago, Faculty of the Divinity School, 2007. 
504 |a Includes bibliographical references and index. 
588 |a Description based on print version record. 
500 |a Electronic resource. 
650 0 |a Sanskrit literature  |x History and criticism. 
650 0 |a Medical literature  |z India  |x History and criticism. 
650 0 |a Medicine, Ayurvedic  |x History. 
655 7 |a Electronic books.  |2 local 
830 0 |a SUNY series in Hindu studies. 
856 4 0 |u http://proxy.library.tamu.edu/login?url=https://muse.jhu.edu/books/9781438443881/  |z Connect to the full text of this electronic book  |t 0 
999 |a MARS 
999 f f |s 41758106-b38d-34ce-8c26-bcc3b2fe0b04  |i bc5a5733-2057-3d16-af31-30d36eae1d27  |t 0 
952 f f |a Texas A&M University  |b College Station  |c Electronic Resources  |s www_evans  |d Available Online  |t 0  |e R605 .C48 2012  |h Library of Congress classification 
998 f f |a R605 .C48 2012  |t 0  |l Available Online